| 000 | 00546nam a22001817a 4500 | ||
|---|---|---|---|
| 005 | 20240806122006.0 | ||
| 008 | 240806b |||||||| |||| 00| 0 eng d | ||
| 020 | _a0-321-05052-5 | ||
| 082 |
_a331 _bEHR-M |
||
| 245 |
_aModern Labor Economics : _btheory and public policy/ _cEhrenberg, Ronald.G |
||
| 250 | _a7th ed. | ||
| 260 |
_aUSA; _bAddison Wesley Longman; _c2000 |
||
| 300 |
_axix, 651 p.: _bill; _c23.5 cm. |
||
| 500 | _aIncludes Subject index. | ||
| 650 | _aSocial Sciences/Labor Economics | ||
| 700 | _aRobert S. Smith | ||
| 999 |
_c36313 _d36313 |
||